| 000 | 01953aam a2200553 4500 | ||
|---|---|---|---|
| 005 | 20250925111436.0 | ||
| 008 | 150325b2002 xxu||||| |||| 00| 0 spa d | ||
| 020 | _a9968311480 | ||
| 041 | _aESP | ||
| 082 | _a658.45 M183c | ||
| 100 |
_aMadrigal López, Damaris _922180 |
||
| 245 | _aComunicación Administrativa | ||
| 260 | _aCosta Rica | ||
| 260 | _bEUNED | ||
| 260 | _c2002 | ||
| 300 | _a245 páginas | ||
| 490 | _aDirección y Administración de Empresas | ||
| 505 | _aParte I. Comunicación Oral y Escrita Parte II. Redacción y Composición Parte III. Técnicas de comunicación | ||
| 650 | _aCOMUNICACIÓN CÓMO TÉCNICA GERENCIAL | ||
| 650 | _aLA COMUNICACIÓN | ||
| 650 | _aLENGUAJE ORAL | ||
| 650 | _aLENGUAJE ESCRITO | ||
| 650 | _aFORMAS DE COMUNICACIÓN DE ACUERDO CON LA SITUACIÓN COMUNICATIVA | ||
| 650 | _aCOMUNICACIÓN INTERPERSONAL | ||
| 650 | _aCOMUNICACIÓN ORAL | ||
| 650 | _aCOMUNICACIÓN ESCRITA | ||
| 650 | _aCONOCIMIENTOS BÁSICOS PARA EL USO DEL CÓDIGO | ||
| 650 | _aLÉXICO COMO COMPONENTE INTEGRAL DE LA LENGUA | ||
| 650 | _aORTOGRAFÍA | ||
| 650 | _aPUNTUACIÓN | ||
| 650 | _aESTRUCTURA DE LA ORACIÓN | ||
| 650 | _aREDACCIÓN Y COMPOSICIÓN | ||
| 650 | _aUSO ADECUADO DE LAS CATEGORÍAS GRAMATICALES EN EL CAMPO ADMINISTRATIVO | ||
| 650 | _aSIGNIFICACIÓN VERBAL | ||
| 650 | _aUSO DEL ADJETIVO | ||
| 650 | _aUSO DEL ADVERBIO | ||
| 650 | _aUSO DE LOS PROMOMBRES | ||
| 650 | _aUSO CORRECTO DE LAS PREPOSICIONES | ||
| 650 | _aCOMUNICACIÓN ADMINISTRATIVA | ||
| 650 | _aCUALIDADES DE REDACCIÓN | ||
| 650 | _aCLASIFICACIÓN DE LOS DIFERENTES TIPOS DE COMUNICACIÓN | ||
| 650 | _aCARTAS | ||
| 650 | _aTÉCNICAS DE COMUNICACIÓN | ||
| 650 | _aTIPOS DE ESCRITOS | ||
| 650 | _aEXPRESIÓN ORAL | ||
| 650 | _aASPECTOS HUMANOS Y PSICOLÓGICOS DE LA COMUNICACIÓN ORAL EN EL CAMPO ADMINISTRATIVO | ||
| 650 | _aTÉCNICAS DE COMUNICACIÓN ORAL | ||
| 942 |
_cBK _2ddc |
||
| 999 |
_c988 _d988 |
||